Statistics for 50 Countries from 25 Anagrams - Tough

Click here to take the quiz!

General Stats

  • This quiz has been taken 46 times
  • The average score is 4 of 25

Answer Stats

AnagramCountries% Correct
Monorails AwayNorway and Somalia
55%
A Magnolia MoosMongolia and Samoa
48%
Mild SaunaMali and Sudan
39%
Bikini Raft RaceFrance and Kiribati
36%
His PelicanChile and Spain
27%
Mangy MoanerGermany and Oman
27%
Legal ParanoidAlgeria and Poland
24%
Woo Samba SatanBotswana and Samoa
21%
Client Wins HazardChina and Switzerland
18%
A Goat SuitorAustria and Togo
15%
Slandered WineIreland and Sweden
15%
Avoid NormalIran and Moldova
12%
Brakeman Fines YouBurkina Faso and Yemen
9%
Anomalies WaitEstonia and Malawi
6%
Avocado On EskimoKosovo and Macedonia
6%
Ultra PinheadPeru and Thailand
6%
Thousand GroanHonduras and Tonga
3%
Evil Lasagne OnesSenegal and Slovenia
3%
American SandbagBenin and Madagascar
3%
A Croatian Pack SitsCosta Rica and Pakistan
3%
Caesarian LadCanada and Israel
3%
Nun Brutalises MarketBelarus and Turkmenistan
3%
Minors Go BananaGabon and San Marino
0%
Handball SerenityLibya and Netherlands
0%
Enormous ManiacMonaco and Suriname
0%

Score Distribution

Percentile by Number Answered

Percent of People with Each Score

Your Score History

You have not taken this quiz